000 00661nam a2200193 a 4500
001 000018672
005 20200929165834.0
008 100512s1965 mx a r 000 0 spa d
040 _aDO-SdBNP
_bspa
_cBNPHU
082 _axxx
_bG215c
100 1 _aGarcía Treviño, Rodrigo
_940328
245 1 0 _aColón y los vikingos :
_ben el descubrimiento de América /
_cRodrigo García Treviño.
260 _aMéxico, D. F. :
_bSecretaría de Educación Pública,
_c1965.
300 _a69 p. :
_bil. ;
_c17 cm.
490 1 _aEl Hombre en la Historia
500 _aEn la portada: Cuadernos de lectura popular
830 0 _aEl Hombre en la Historia
_940329
049 _aBNGR
999 _c18192
_d18192